000 00683nam a2200205 i 4500
001 56147
003 ES-MaACL
005 20231129145828.0
007 t|
008 031003s1958 sp ||||1| spa d
100 1 _aDíaz-Plaja, Guillermo,
_d1909-1984
_9162428
245 1 0 _aJuan Ramón Jiménez en su poesía /
_cGuillermo Díaz-Plaja.
260 _aMadrid :
_bAguilar,
_c1958 (
_fE. Sánchez Leal)
300 _a334 p., 10 lám. ;
_c21 cm.
490 1 _aEnsayistas hispánicos
600 1 4 _aJiménez, Juan Ramón,
_d1881-1958-
_xCrítica e interpretación
_966422
830 0 _aEnsayistas hispánicos
_9181410
852 _aES-MaACL
_jC-15228
_bR.43139
999 _c56147
_d56147